Statystyki dla Kinder

Kliknij tutaj aby rozwiązać quiz!

Ogólne statystyki

  • Ten quiz został rozwiązany 590 razy
  • Średni wynik to 5 z 14

Statystyki odpowiedzi

Pierwsza literaKinder% Poprawnych
BBueno
85%
JJoy
59%
CCountry
57%
MMaxi
48%
CChocolate
41%
MMleczna kanapka
36%
PPingui
33%
JJajko niespodzianka
31%
MMaxi king
29%
DDelice
27%
SSchoko bons
23%
BBueno Mini
10%
CChocolate Mini
6%
YYogurt slice
2%

Rozkład punktacji

Percentyl według liczby udzielonych odpowiedzi

Procent ludzi z każdym wynikiem

Twoja historia wyników

Nie rozwiązałeś tego quizu